Magnetic flux tubes and transport of heat in the convection zone of the Sun (Record no. 7216)

MARC details
000 -LEADER
fixed length control field 00613nam a2200181Ia 4500
003 - CONTROL NUMBER IDENTIFIER
control field IN-BaIIA
008 - FIXED-LENGTH DATA ELEMENTS--GENERAL INFORMATION
fixed length control field 211028s9999 xx 000 0 eng d
040 ## - CATALOGING SOURCE
Transcribing agency IIA Library
080 ## - UNIVERSAL DECIMAL CLASSIFICATION NUMBER
Universal Decimal Classification number 523.927
Item number SPR
100 ## - MAIN ENTRY--PERSONAL NAME
Personal name Spruit, Hendrik Christiaan
9 (RLIN) 12360
245 #0 - TITLE STATEMENT
Title Magnetic flux tubes and transport of heat in the convection zone of the Sun
Statement of responsibility, etc. Spruit, Hendrik Christiaan
260 ## - PUBLICATION, DISTRIBUTION, ETC.
Place of publication, distribution, etc. Utrecht
Name of publisher, distributor, etc. Drukkerij Elinkwijk BV
Date of publication, distribution, etc. 1977
300 ## - PHYSICAL DESCRIPTION
Extent 145p.
650 ## - SUBJECT ADDED ENTRY--TOPICAL TERM
Topical term or geographic name entry element Astronomy and Astrophysics Thesaurus
650 ## - SUBJECT ADDED ENTRY--TOPICAL TERM
Topical term or geographic name entry element Small Scale Magnetic Fields
9 (RLIN) 12361
650 ## - SUBJECT ADDED ENTRY--TOPICAL TERM
Topical term or geographic name entry element Sun
9 (RLIN) 1200
942 ## - ADDED ENTRY ELEMENTS (KOHA)
Koha item type Books
Holdings
Withdrawn status Lost status Damaged status Not for loan Home library Current library Shelving location Date acquired Total Checkouts Full call number Barcode Date last seen Price effective from Koha item type
        IIA Library-Bangalore IIA Library-Bangalore General Stacks 12/11/1982   523.927/ SPR 8016 05/11/2021 12/11/1982 Books

Powered by Koha